000 00778cam a22002531 4500
001 16325
003 BD-RjUL
005 20211209000009.0
008 140213s1963 nyua b 001 0 eng d
035 _a(BD-RjUL)16380
040 _aDLC
_cDLC
_dDLC
_dBD-RjUL
_beng
041 _aeng
082 0 0 _a791.430954
_bBAI 1963
100 1 _aBarnouw, Erik,
_d1908-2001.
_950471
245 0 0 _aIndian film
_c Erik Barnouw and S. Krishnaswamy.
260 _aNew York ;
_aLondon :
_bColumbia University Press,
_cc1963.
300 _axi, 301 p. :
_billus. ;
_c23 cm.
504 _aIncludes bibliography.
650 0 _aMotion pictures
_zIndia.
_950472
700 1 _aKrishnaswamy, Subrahmanyam,
_ejoint author.
_950473
942 _2ddc
_cBK
999 _c16325
_d16325